Bandiere delle regioni d'Italia - Statistics

Statistiche generali
  • Questo quiz è stato fatto 59 volte
  • Il punteggio medio è 18 su 20
Statistiche sulle risposte
con Immagini Risposta % Corretto
Molise
100%
Calabria
98%
Sardegna
98%
Lazio
94%
Lombardia
94%
Puglia
94%
Sicilia
94%
Emilia-Romagna
92%
Valle d'Aosta
92%
Veneto
92%
Abruzzo
88%
Marche
88%
Piemonte
88%
Toscana
88%
Trentino-Alto Adige
88%
Basilicata
86%
Campania
86%
Liguria
86%
Umbria
86%
Friuli-Venezia Giulia
84%
Nessun quiz corrispondente trovato
Distribuzione punteggi
Percentuale di utenti per punteggio
Percentile per numero di risposta
I tuoi punteggi nel tempo
Non hai fatto questo quiz